| 000 | 00518nam a2200169Ia 4500 | ||
|---|---|---|---|
| 008 | 230917s9999||||xx |||||||||||||| ||und|| | ||
| 020 | _cRS200 | ||
| 040 |
_e250239 _aMAIN |
||
| 041 | _aEnglish | ||
| 082 | _a891.49150301751 SS23C | ||
| 100 | _aशर्मा, शमीम | ||
| 245 | 0 | _aचौपाल के चाले | |
| 260 |
_aनई दिल्ली _bवाणी प्रकाशन _c2008 |
||
| 300 | _a152 पृ. p. | ||
| 500 | _a3277 01/10/2018 ADP18/243 03/10/2018 Main Budget | ||
| 942 | _cBK | ||
| 999 |
_c28373 _d28373 |
||